00632nam a2200229 a 4500001001300000003000900013005001700022008004100039020000900080082001300089100001600102245002800118260004500146300000800191500003500199650000800234700001600242902000800258942000700266952011200273999001700385nice12345678IN_TiNIC20260116014454.0070411s2003 newa grp 000 0 eng  ac2000a340bMAT aMathew, P D aYour Rights If Arrested aNew DelhibIndian Social Institutec2003 a55p aincludes index and biblioraphy aLaw1 aMathew, P D bSRS cBK 001040708StackRoom-aHMIbHMId2007-04-11g20.00l0o340 MATp021721r2007-04-11v20.00w2007-04-11yBK c15500d15500